| 000 | 00502ntaaa2200181 4500 | ||
|---|---|---|---|
| 003 | 01 | ||
| 005 | 20251027201251.0 | ||
| 008 | 0714s1973 ag 01 | ||
| 040 |
_aAR-BaBN _bspa _cAR-BaBN _eaacr _dRIC |
||
| 082 | _a220.9300 P54 | ||
| 100 |
_aPhillips, Wendell _910837 |
||
| 245 | _aExploración en tierras bíblicas | ||
| 250 |
_a1 ed. : _bZig-Zag, _cc/958 |
||
| 300 | _a354 p. | ||
| 500 | _a(Los antiguos reinos de la Biblia, rute de incienso en Arabia) | ||
| 650 | _aArqueología Bíblica | ||
| 942 | _cBK | ||
| 999 |
_c7037 _d7037 |
||